[Event "Tourn. n8038"]
[Site "www.chess-mail.com"]
[Date "2015.02.13"]
[Round "1"]
[White "Aperturaf"]
[Black "Cristero"]
[WhiteElo "2250"]
[BlackElo "2100"]
[Result "1-0"]
[Round "1"]
1.e4 e5
2.Ng1f3 Nb8c6
3.Bf1b5 a6
4.Bb5xc6 dxc6
5.O-O Qd8f6
6.d4 exd4
7.Bc1g5 Qf6d6
8.Nf3xd4 Bf8e7
9.Bg5xe7 Ng8xe7
10.Nb1c3 Bc8d7
11.Nd4e2 Qd6xd1
12.Ra1xd1 b6
13.f3 O-O-O
14.Kf2 c5
15.Ne2f4 c6
16.Nf4h5 Rh8g8
17.b3 Ne7g6
18.h3 f5
19.Rf1e1 c4
20.bxc4 Ng6e5
21.exf5 Ne5xc4
22.f6 g6
23.Nh5g7 Rg8f8
24.Rd1d4 b5
25.Nc3e4 Bd7f5
26.Rd4xd8 Kxd8
27.g4 Bf5xe4
28.Ng7e6 Kc8
29.Ne6xf8 Be4xc2
30.Re1e8 Kc7
31.f7 { resign }
1-0

[Event "Match"]
[Site "www.echecsemail.com"]
[Date "2015.02.13"]
[Round "1"]
[White "Apoorva"]
[Black "Sontuozio"]
[WhiteElo "2150"]
[BlackElo "2260"]
[Result "0-1"]
[Round "1"]
1.d4 d5
2.Ng1f3 Ng8f6
3.c4 c6
4.cxd5 cxd5
5.Nb1c3 e6
6.g3 Bf8d6
7.Bf1g2 O-O
8.Qd1d3 a6
9.Bc1g5 Nb8d7
10.e4 dxe4
11.Nc3xe4 Bd6e7
12.Bg5xf6 Nd7xf6
13.Ra1d1 Be7b4
14.Ne4c3 Qd8a5
15.O-O Bb4xc3
16.bxc3 Ra8b8
17.Rd1d2 Bc8d7
18.c4 Bd7c6
19.Nf3e5 Bc6xg2
20.Kxg2 Rf8d8
21.Qd3e2 Rb8c8
22.f4 Qa5c3
23.Rf1d1 Rd8d6
24.Rd2c2 Qc3a5
25.g4 Rc8d8
26.Qe2e3 Nf6d7
27.Qe3b3 Nd7xe5
28.fxe5 Rd6xd4
29.Rd1xd4 Rd8xd4
30.Qb3xb7 g6
31.Qb7c8 Rd4d8
32.Qc8b7 Qa5xe5
33.c5 Qe5d5
34.Qb7xd5 Rd8xd5
 { time }
0-1

[Event "Match"]
[Site "www.echecsemail.com"]
[Date "2015.02.13"]
[Round "1"]
[White "Cardiff"]
[Black "Ssharp"]
[WhiteElo "1950"]
[BlackElo "2160"]
[Result "1/2-1/2"]
[Round "1"]
1.d4 d5
2.Nb1c3 Ng8f6
3.Ng1f3 Bc8f5
4.Bc1f4 c6
5.e3 e6
6.Bf1d3 Bf5xd3
7.Qd1xd3 Bf8d6
8.Bf4xd6 Qd8xd6
9.O-O Nb8d7
10.a3 O-O
11.Rf1e1 e5
12.dxe5 Nd7xe5
13.Nf3xe5 Qd6xe5
14.Ra1d1 Ra8d8
15.Qd3d4 Qe5xd4
16.exd4 Rf8e8
17.f3 Kf8
18.Kf2 Re8xe1
19.Rd1xe1 { draw }
1/2-1/2

[Event "Match"]
[Site "www.echecsemail.com"]
[Date "2015.02.13"]
[Round "1"]
[White "Nestor"]
[Black "Xkafi"]
[WhiteElo "2090"]
[BlackElo "1990"]
[Result "1-0"]
[Round "1"]
1.e4 e5
2.Nb1c3 c6
3.Bf1c4 a5
4.Ng1e2 Bf8c5
5.O-O Ng8f6
6.d4 Bc5a7
7.dxe5 Nf6g4
8.Qd1d6 Qd8h4
9.Bc4xf7 Kxf7
10.e6 dxe6
11.Bc1e3 e5
12.h3 Rh8d8
13.Qd6c7 Kg8
14.Be3xa7 Nb8a6
15.Qc7b6 Ng4f6
16.Qb6xd8 Kf7
17.Qd8d3 Ra8xa7
18.Qd3g3 Qh4h5
19.f4 Nf6xe4
20.fxe5 Kg8
21.Nc3xe4 Qh5xe2
22.Qg3b3 { resign }
1-0

[Event "Match"]
[Site "www.echecsemail.com"]
[Date "2015.02.13"]
[Round "1"]
[White "Hajota"]
[Black "Neoncrash"]
[WhiteElo "2520"]
[BlackElo "1760"]
[Result "1-0"]
[Round "1"]
1.Ng1f3 d5
2.d4 Ng8f6
3.c4 c6
4.e3 Bc8f5
5.Nb1c3 e6
6.Nf3h4 Bf5e4
7.f3 Be4g6
8.Qd1b3 Qd8b6
9.Nh4xg6 hxg6
10.g3 Nb8d7
11.Kf2 c5
12.cxd5 Qb6xb3
13.axb3 Nf6xd5
14.Nc3b5 Kd8
15.Ra1xa7 Ra8xa7
16.Nb5xa7 cxd4
17.exd4 Bf8e7
18.Na7b5 Nd7b6
19.Bc1d2 Kd7
20.h4  { time }
1-0

[Event "Match"]
[Site "www.echecsemail.com"]
[Date "2015.02.13"]
[Round "1"]
[White "Irene"]
[Black "E4player"]
[WhiteElo "1980"]
[BlackElo "1809"]
[Result "0-1"]
[Round "1"]
1.d4 Ng8f6
2.Ng1f3 c5
3.d5 b5
4.Nf3g5 Bc8b7
5.e4 h6
6.Qd1h5 Nf6xh5
7.Ng5f3 Nh5f6
8.Bf1xb5 Qd8a5
9.Bc1d2 Qa5xb5
10.b3 Nf6xe4
{ resign }
0-1

[Event "1/128 Finale"]
[Site "www.chess-mail.com"]
[Date "2015.02.13"]
[Round "1"]
[White "Chiccogianca"]
[Black "Gandalf"]
[WhiteElo "1970"]
[BlackElo "1580"]
[Result "0-1"]
[Round "1"]
1.b3 d5
2.Bc1b2 c5
3.g3 Nb8c6
4.Bf1g2 Ng8f6
5.e3 e5
6.d3 Bf8e7
7.Ng1e2 h5
8.h4 Bc8e6
9.Nb1d2 Qd8d7
10.a3 O-O-O
11.O-O Be6h3
12.Nd2f3 Bh3xg2
13.Kxg2 d4
14.e4 Nf6g4
15.Nf3h2 Ng4xh2
16.Kxh2 g5
17.hxg5 Be7xg5
18.Kg2 h4
19.Rf1h1 hxg3
20.Ne2xg3 Rd8g8
21.Bb2c1 Bg5f4
22.Qd1g1 Bf4xg3
23.fxg3 Qd7g4
24.Qg1f2 Rh8xh1
25.Kxh1 Rg8h8
26.Kg1 Qg4d1
27.Kg2 Qd1h1
{ resign }
0-1

[Event "Eq:La Taverne-SIETE ESTRELLAS VERDES : "]
[Site "www.chess-mail.com"]
[Date "2015.02.13"]
[Round "1"]
[White "Pgcbies"]
[Black "Xkafi"]
[WhiteElo "2850"]
[BlackElo "1970"]
[Result "1-0"]
[Round "1"]
1.e4 e5
2.f4 Nb8c6
3.Ng1f3 d6
4.Bf1c4 Bc8g4
5.O-O Nc6d4
6.Bc4xf7 Kxf7
7.Nf3g5 Ke8
8.Qd1xg4 Ng8f6
9.Qg4d1 h6
10.Ng5f3 Nd4xf3
11.Qd1xf3 Qd8e7
12.d3 Kd7
13.Nb1c3 a6
14.Bc1d2 Ra8e8
15.Qf3e3 b6
16.a4 Nf6g4
17.Qe3h3 h5
18.Nc3d5 Qe7d8
19.a5 b5
20.c4 Qd8b8
21.Ra1c1 b4
22.fxe5 dxe5
23.Rf1f7 Bf8e7
24.Qh3h4 Qb8a7
25.c5 Ng4f6
26.Bd2g5 Rh8g8
27.Bg5xf6 gxf6
28.Qh4xf6 Kd8
29.Nd5xe7 Re8xe7
30.Rf7xe7 { resign }
1-0

[Event "Fast Game"]
[Site "www.echecsemail.com"]
[Date "2015.02.13"]
[Round "1"]
[White "Tenzinnima"]
[Black "Korto"]
[WhiteElo "1900"]
[BlackElo "1989"]
[Result "0-1"]
[Round "1"]
1.Ng1f3 Ng8f6
2.c4 c5
3.g3 g6
4.Bf1g2 Bf8g7
5.O-O d6
6.d4 cxd4
7.Nf3xd4 O-O
8.Nb1c3 Qd8d7
9.e4 Nb8c6
10.Nd4c2 b6
11.Bc1f4 Bc8b7
12.Qd1d2 Ra8c8
13.Bf4h6 Bg7xh6
14.Qd2xh6 Nc6e5
15.b3 Ne5xc4
16.Nc2d4 Nc4e5
17.Ra1c1 Bb7a6
18.Rf1d1 Nf6g4
19.Bg2h3 Ng4xh6
20.Bh3xd7 Ne5xd7
21.Nc3d5 Rc8xc1
22.Nd5xe7 Kg7
23.Rd1xc1 Rf8e8
24.Nd4c6 Nd7e5
25.Nc6b4 Re8xe7
26.Nb4xa6 Nh6g4
27.Kg2 Ne5d3
{ resign }
0-1

[Event "Fast Game"]
[Site "www.echecsemail.com"]
[Date "2015.02.13"]
[Round "1"]
[White "Cristiano"]
[Black "E4player"]
[WhiteElo "1619"]
[BlackElo "1599"]
[Result "0-1"]
[Round "1"]
1.e4 d5
2.exd5 Ng8f6
3.d4 Bc8g4
4.f3 Bg4f5
5.Bf1b5 Nb8d7
6.c4 a6
7.Bb5a4 b5
8.Ba4b3 Nd7b6
9.Nb1d2 bxc4
10.Nd2xc4 Nf6xd5
11.Nc4e5 f6
12.Ne5c6 Qd8d7
13.Nc6a5 e5
14.Ng1e2 Bf8b4
15.Bc1d2 Qd7b5
16.Bd2xb4 Nd5xb4
17.Na5b7 Nb6d7
18.Nb7c5 Nd7xc5
19.dxc5 Nb4d3
20.Kf1 Qb5xc5
{ resign }
0-1

[Event "Tourn. n8012"]
[Site "www.chess-mail.com"]
[Date "2015.02.14"]
[Round "1"]
[White "Osopanda"]
[Black "Samael"]
[WhiteElo "2080"]
[BlackElo "2090"]
[Result "1-0"]
[Round "1"]
1.d4 d5
2.c4 e6
3.Nb1c3 Ng8f6
4.Ng1f3 Nb8c6
5.cxd5 Nf6xd5
6.e4 Nd5b6
7.Bc1e3 Bf8e7
8.a3 O-O
9.Bf1d3 Be7f6
10.d5 Bf6xc3
11.bxc3 exd5
12.O-O Bc8e6
13.e5 Nb6d7
14.Bd3xh7 Kh8
15.Bh7c2 Nc6xe5
16.Nf3xe5 Nd7xe5
17.Qd1h5 { resign }
1-0

[Event "Tourn. n8085"]
[Site "www.chess-mail.com"]
[Date "2015.02.14"]
[Round "1"]
[White "Terrible"]
[Black "Gorgo"]
[WhiteElo "2300"]
[BlackElo "2190"]
[Result "0-1"]
[Round "1"]
1.d4 Ng8f6
2.Ng1f3 e6
3.c4 b6
4.g3 Bf8b4
5.Bc1d2 Bb4xd2
6.Qd1xd2 Bc8a6
7.b3 O-O
8.Nb1c3 d5
9.Nf3e5 Nb8d7
10.Ne5c6 Qd8e8
11.Nc3b5 Nd7c5
12.Nc6b4 Ba6xb5
13.cxb5 Nf6e4
14.Qd2b2 Qe8xb5
15.a3 Nc5b7
16.e3 Qb5a5
17.Bf1a6 Nb7d6
18.O-O c5
19.f3 cxb4
20.axb4 Qa5xb4
21.fxe4 Nd6xe4
22.Ba6b7 Ra8d8
23.Ra1xa7 Rd8d7
24.Rf1a1 Rd7c7
25.Ra7a4 Qb4c3
26.Qb2xc3 Ne4xc3
27.Ra4a7 Nc3b5
{ resign }
0-1

[Event "Tourn. n7973"]
[Site "www.chess-mail.com"]
[Date "2015.02.14"]
[Round "1"]
[White "Jjmcbride"]
[Black "Julian"]
[WhiteElo "1800"]
[BlackElo "1940"]
[Result "0-1"]
[Round "1"]
1.e4 c5
2.d3 d6
3.c4 Nb8c6
4.Ng1f3 Bc8g4
5.Bf1e2 e6
6.d4 cxd4
7.Qd1d2 e5
8.b4 Ng8f6
9.b5 Nc6e7
10.Nf3g5 Bg4xe2
11.Qd2xe2 h6
12.Ng5h3 g6
13.f4 Bf8g7
14.O-O O-O
15.f5 gxf5
16.exf5 d5
17.Qe2xe5 dxc4
18.Nb1d2 Ra8c8
19.Nh3f2 Rf8e8
20.Nd2e4 Ne7d5
21.Qe5g3 Nf6xe4
22.Nf2xe4 Re8xe4
23.Bc1xh6 Qd8f6
24.Bh6xg7 Qf6xg7
25.Qg3f3 Rc8e8
26.f6 Qg7g6
27.h3 Nd5e3
28.Rf1f2 Re8e5
29.g4 Ne3xg4
30.hxg4 Re4xg4
31.Rf2g2 Rg4xg2
32.Qf3xg2 Qg6xg2
33.Kxg2 Re5xb5
34.Ra1c1 Rb5b2
35.Kf1 c3
36.Ke1 Rb2xa2
37.Kd1 Ra2f2
{ resign }
0-1

[Event "Tourn. n8052"]
[Site "www.chess-mail.com"]
[Date "2015.02.14"]
[Round "1"]
[White "Kesalon"]
[Black "Wildtiger"]
[WhiteElo "999"]
[BlackElo "1219"]
[Result "1-0"]
[Round "1"]
1.e4 Nb8c6
2.Ng1f3 d6
3.Nb1c3 Ng8f6
4.d4 Bc8g4
5.Bf1e2 e6
6.O-O Bf8e7
7.h3 Bg4h5
8.Bc1f4 O-O
9.Qd1d2 Bh5g6
10.Be2d3 Ra8c8
11.Ra1d1 Nc6b4
12.a3 Nb4xd3
13.Qd2xd3 d5
14.Rf1e1 dxe4
15.Nc3xe4 Nf6xe4
16.Re1xe4 Bg6xe4
17.Qd3xe4 Qd8d5
18.Qe4e3 c5
19.Qe3e2 cxd4
20.Rd1xd4 Qd5c6
21.c3 Be7c5
22.Rd4d1 Rc8d8
23.Nf3e5 Rd8xd1
24.Qe2xd1 Qc6b6
25.Bf4g3 Rf8d8
26.Qd1c2 Rd8d5
27.Qc2a4 Qb6d8
28.b4 Rd5d1
29.Kh2 Bc5d6
30.Qa4xa7 g6
31.Qa7xb7 Rd1e1
32.Qb7xf7 Kh8
33.Qf7xe6 Bd6xe5
34.Bg3xe5 Re1xe5
35.Qe6xe5 Kg8
36.c4 Qd8d3
37.Qe5d5 { resign }
1-0

[Event "Tourn. n8044"]
[Site "www.chess-mail.com"]
[Date "2015.02.14"]
[Round "1"]
[White "Groz"]
[Black "Maredocla"]
[WhiteElo "1809"]
[BlackElo "1970"]
[Result "0-1"]
[Round "1"]
1.g3 e5
2.Bf1g2 Ng8f6
3.e3 d6
4.Ng1e2 Bc8g4
5.O-O Nb8c6
6.f3 Bg4e6
7.d4 exd4
8.exd4 Bf8e7
9.Nb1c3 O-O
10.d5 Be6d7
11.dxc6 Bd7xc6
12.Qd1d3 a6
13.a4 h6
14.Ne2d4 Bc6d7
15.Rf1e1 Rf8e8
16.Bc1d2 Ra8c8
17.Nd4f5 Rc8b8
18.Nf5xe7 Re8xe7
19.Re1xe7 Qd8xe7
20.Ra1e1 Bd7e6
21.Nc3d5 Nf6xd5
22.Qd3xd5 Qe7f6
23.Qd5d3 Qf6xb2
24.Bd2c3 Qb2b6
25.Bc3d4 Qb6a5
26.Re1e4 Be6f5
{ resign }
0-1

[Event "Tourn. n7931"]
[Site "www.chess-mail.com"]
[Date "2015.02.14"]
[Round "1"]
[White "Blackpool"]
[Black "Abuelo"]
[WhiteElo "1870"]
[BlackElo "2070"]
[Result "1/2-1/2"]
[Round "1"]
1.b3 e5
2.Bc1b2 d6
3.e4 Ng8f6
4.Nb1c3 Bf8e7
5.Ng1f3 Bc8g4
6.Bf1e2 Nb8c6
7.h3 Bg4xf3
8.Be2xf3 O-O
9.Nc3e2 Qd8d7
10.d4 exd4
11.Ne2xd4 Nc6xd4
12.Bb2xd4 c5
13.Bd4c3 Ra8d8
14.O-O b6
15.Qd1e2 h6
16.Ra1d1 Nf6h7
17.e5 Nh7g5
18.exd6 Ng5xf3
19.Qe2xf3 Be7xd6
20.Rf1e1 Qd7c7
21.Qf3g4 f6
22.Qg4g6 Qc7f7
23.Qg6xf7 Kxf7
24.g3 Rf8e8
25.Kf1 Re8xe1
26.Kxe1 Rd8e8
27.Kf1 { draw }
1/2-1/2

[Event "Tourn. n8026"]
[Site "www.chess-mail.com"]
[Date "2015.02.14"]
[Round "1"]
[White "Hali"]
[Black "Tenzinnima"]
[WhiteElo "2150"]
[BlackElo "2270"]
[Result "1-0"]
[Round "1"]
1.e4 e6
2.d4 d5
3.Nb1c3 Bf8b4
4.e5 c5
5.a3 Bb4xc3
6.bxc3 Ng8e7
7.f4 Qd8c7
8.Ng1f3 Nb8d7
9.Bf1d3 Nd7b6
10.O-O c4
11.Bd3e2 Bc8d7
12.Bc1d2 f5
13.Nf3g5 h6
14.Be2h5 g6
15.Bh5xg6 Ne7xg6
16.Qd1h5 O-O-O
17.Ng5f7 Rd8g8
18.Nf7xh8 Ng6xh8
19.Qh5xh6 Qc7d8
20.Rf1f3 Rg8g6
21.Qh6h7 Bd7a4
22.Rf3h3 Rg6g8
23.Rh3h6 Qd8e8
24.Ra1a2 Nh8f7
25.Rh6f6 Rg8f8
26.Qh7g6 Nf7d8
27.Qg6xe8 Rf8xe8
28.Rf6h6 Nb6d7
29.Kf1 Nd7f8
30.Bd2e1 Re8e7
31.Be1h4 Re7h7
32.Rh6xh7 Nf8xh7
33.Ke2 b5
34.Kd2 Kd7
35.Ra2a1 Nd8f7
36.h3 Ke8
37.g4 fxg4
38.hxg4 Nf7h6
39.Ra1g1 Kf7
40.g5 { resign }
1-0

[Event "Tourn. n8003"]
[Site "www.chess-mail.com"]
[Date "2015.02.14"]
[Round "1"]
[White "Merimee"]
[Black "Albertf"]
[WhiteElo "1580"]
[BlackElo "1620"]
[Result "0-1"]
[Round "1"]
1.d4 d5
2.Nb1c3 Ng8f6
3.f3 g6
4.Bc1f4 Bf8g7
5.Bf4e5 O-O
6.e3 Nb8c6
7.a3 Nc6xe5
8.dxe5 Nf6d7
9.f4 Nd7c5
10.Ng1f3 Bc8g4
11.Bf1e2 f6
12.Nc3xd5 c6
13.Nd5c3 Qd8xd1
14.Nc3xd1 Bg4xf3
15.Be2xf3 fxe5
16.O-O exf4
17.e4 Nc5a4
18.Rf1e1 Na4xb2
19.e5 Nb2c4
20.Ra1a2 Nc4xe5
21.Bf3e4 Ra8d8
22.Ra2b2 Ne5f3
23.Be4xf3 Bg7xb2
24.Nd1xb2 Rd8d2
25.Re1xe7 Rd2xc2
26.Re7xb7 Rf8e8
27.Nb2d3 Re8e3
28.Nd3f2 Re3e1
{ resign }
0-1

[Event "Tourn. n7954"]
[Site "www.chess-mail.com"]
[Date "2015.02.14"]
[Round "1"]
[White "Bjonil60"]
[Black "Kozakliuty"]
[WhiteElo "1320"]
[BlackElo "1480"]
[Result "0-1"]
[Round "1"]
1.Ng1f3 b5
2.d3 Bc8b7
3.a3 a6
4.c3 e6
5.h3 Ng8f6
6.d4 Bf8e7
7.g3 O-O
8.Bf1g2 d6
9.e3 d5
10.O-O Nb8d7
11.g4 c6
12.Nf3d2 Nd7b6
13.b3 Nf6d7
14.b4 Be7d6
15.f4 f5
16.gxf5 exf5
17.Nd2f3 Nd7f6
18.Nf3h2 Nf6e4
19.Bg2xe4 fxe4
20.Nb1d2 Qd8h4
21.Bc1b2 Qh4g3
22.Kh1 Qg3xh3
23.Rf1g1 Rf8f6
24.Nd2f1 Nb6c4
25.Bb2c1 Rf6h6
26.Qd1c2 a5
27.bxa5 Ra8xa5
28.Nf1d2 Qh3xh2

0-1

[Event "Tourn. n8056"]
[Site "www.chess-mail.com"]
[Date "2015.02.14"]
[Round "1"]
[White "Cardiff"]
[Black "E4player"]
[WhiteElo "1960"]
[BlackElo "1809"]
[Result "0-1"]
[Round "1"]
1.d4 Ng8f6
2.c4 e5
3.dxe5 Nf6g4
4.Ng1f3 Bf8c5
5.e3 Nb8c6
6.a3 a5
7.Nb1c3 Ng4xe5
8.Bf1e2 O-O
9.O-O Ne5xf3
10.Be2xf3 Nc6e5
11.Bf3e2 Rf8e8
12.b3 Ra8a6
13.e4 Ra6d6
14.Qd1c2 Qd8h4
15.g3 Rd6g6
16.Nc3d5 Rg6xg3
17.hxg3 Qh4xg3
{ resign }
0-1

[Event "Tourn. n8047"]
[Site "www.chess-mail.com"]
[Date "2015.02.14"]
[Round "1"]
[White "Tenzinnima"]
[Black "Woodpusher2"]
[WhiteElo "2290"]
[BlackElo "2510"]
[Result "0-1"]
[Round "1"]
1.d4 Ng8f6
2.c4 e6
3.Nb1c3 Bf8b4
4.a3 Bb4xc3
5.bxc3 c5
6.f3 Qd8a5
7.Bc1d2 d6
8.e4 Nb8c6
9.Bf1d3 Qa5c7
10.Ng1e2 O-O
11.O-O Nc6a5
12.f4 b6
13.Qd1c2 Nf6e8
14.e5 f5
15.exf6 Ne8xf6
16.Ne2g3 Bc8a6
17.f5 e5
18.Ng3e4 Ba6xc4
19.Ne4xf6 gxf6
20.Ra1e1 Kh8
21.Re1e4 d5
22.Bd3xc4 Na5xc4
23.Re4h4 cxd4
24.cxd4 e4
25.Bd2b4 Rf8g8
26.Qc2e2 a5
27.Bb4e1 Nc4xa3
28.Qe2e3 Na3c2
29.Qe3h3 a4
{ resign }
0-1

[Event "Tourn. n8018"]
[Site "www.chess-mail.com"]
[Date "2015.02.14"]
[Round "1"]
[White "Dany2005"]
[Black "Georgepapi"]
[WhiteElo "1679"]
[BlackElo "1860"]
[Result "1/2-1/2"]
[Round "1"]
1.e4 e5
2.Bf1c4 Ng8f6
3.d3 Nb8c6
4.Nb1c3 d6
5.Ng1f3 Bc8g4
6.Bc1e3 Bf8e7
7.h3 Bg4h5
8.a3 O-O
9.Nc3d5 Rf8e8
10.Nd5xe7 Qd8xe7
11.g4 Bh5g6
12.Qd1d2 a6
13.O-O-O b5
14.Bc4b3 a5
15.Kb1 b4
16.a4 Nc6a7
17.Be3g5 h6
18.Bg5h4 c5
19.Bh4g3 Na7c6
20.Nf3h4 Bg6h7
21.Nh4f5 Bh7xf5
22.gxf5 Nc6d4
23.Rh1g1 Nd4f3
24.Qd2e3 Nf3xg1
25.Rd1xg1 Kh8
26.Bg3h4 Ra8c8
27.Qe3g3 Re8g8
28.Qg3f3 Rc8f8
29.Qf3e3 Rf8c8
{ draw }
1/2-1/2

[Event "Tourn. n8066"]
[Site "www.chess-mail.com"]
[Date "2015.02.14"]
[Round "1"]
[White "Nimzo2"]
[Black "Iko"]
[WhiteElo "1659"]
[BlackElo "1470"]
[Result "1-0"]
[Round "1"]
1.e4 e5
2.Nb1c3 Ng8f6
3.f4 exf4
4.e5 Nf6g4
5.Qd1xg4 g5
6.h4 h6
7.hxg5 d6
8.Qg4h5 Qd8xg5
9.Qh5xg5 hxg5
10.Rh1xh8 Bc8g4
11.exd6 cxd6
12.Nc3d5 Nb8a6
13.Bf1xa6 O-O-O
14.Ba6e2 Bf8g7
15.Be2xg4 Kb8
16.Rh8xd8 
1-0

[Event "Tourn. n8036"]
[Site "www.chess-mail.com"]
[Date "2015.02.14"]
[Round "1"]
[White "Groz"]
[Black "Luban"]
[WhiteElo "1809"]
[BlackElo "2130"]
[Result "1-0"]
[Round "1"]
1.d4 d5
2.c4 e6
3.Nb1c3 h6
4.Ng1f3 Ng8f6
5.Bc1f4 a6
6.e3 c5
7.cxd5 exd5
8.dxc5 Bf8xc5
9.Bf4e5 Bc8e6
10.Bf1e2 Nb8c6
11.O-O O-O
12.Be5d4 Bc5xd4
13.Nf3xd4 Nc6xd4
14.Qd1xd4 b5
15.Rf1d1 Qd8e7
16.Be2f3 Rf8d8
17.a3 Rd8d6
18.Rd1d2 Ra8d8
19.Ra1d1 Qe7b7
20.Qd4f4 Qb7a7
21.h3 Qa7d7
22.Nc3e2 Nf6h7
23.Ne2d4 Nh7g5
24.h4 Ng5h7
25.g4 Qd7e7
26.Nd4f5 Be6xf5
27.gxf5 Nh7f6
28.Rd2d4 Qe7c7
29.e4 { resign }
1-0

[Event "Tourn. n7926"]
[Site "www.chess-mail.com"]
[Date "2015.02.14"]
[Round "1"]
[White "Luban"]
[Black "Abuelo"]
[WhiteElo "2200"]
[BlackElo "2070"]
[Result "0-1"]
[Round "1"]
1.d4 d5
2.Ng1f3 Ng8f6
3.e3 Bc8g4
4.c4 e6
5.Bf1d3 Nb8c6
6.a3 dxc4
7.Bd3xc4 Nc6a5
8.Qd1a4 Na5c6
9.Nf3e5 Qd8d6
10.Bc4b5 Nf6d5
11.Ne5xg4 Nd5b6
12.Bb5xc6 bxc6
13.Qa4c2 f5
14.Ng4e5 Qd6d5
15.Qc2xc6 Qd5xc6
16.Ne5xc6 Bf8d6
17.Nb1c3 O-O
18.b3 a6
19.Bc1b2 f4
20.e4 Rf8f7
21.e5 Bd6f8
22.O-O f3
23.g3 a5
24.Ra1d1 a4
25.bxa4 Nb6xa4
26.Nc3xa4 Ra8xa4
27.Rd1a1 Ra4a6
28.Rf1c1 g6
29.Rc1c3 Bf8h6
30.Ra1d1 Kg7
31.Rd1d3 Ra6b6
32.Bb2c1 Rb6b1
33.Rd3d1 Rb1b6
34.Bc1xh6 Kxh6
35.Nc6b4 Rb6b7
36.Rd1d3 Rf7d7
37.h4 Kh5
38.Kh2 Kg4
39.d5 Rd7e7
40.d6 cxd6
41.exd6 Re7d7
42.Nb4c6 Rb7b5
43.Nc6e7 Rb5b2
44.Rd3xf3 Rd7xd6
45.Rc3c5 Kxf3
{ resign }
0-1

[Event "Tourn. n7991"]
[Site "www.chess-mail.com"]
[Date "2015.02.14"]
[Round "1"]
[White "Luban"]
[Black "Liencam2"]
[WhiteElo "2120"]
[BlackElo "2260"]
[Result "0-1"]
[Round "1"]
1.d4 Ng8f6
2.c4 g6
3.Ng1f3 Bf8g7
4.e3 d5
5.h3 O-O
6.Nb1c3 c5
7.Bf1d3 Nb8c6
8.a3 cxd4
9.exd4 a6
10.O-O dxc4
11.Bd3xc4 b5
12.Bc4a2 b4
13.axb4 Nc6xb4
14.Rf1e1 Bc8f5
15.Ba2b1 Qd8d7
16.Bb1xf5 Qd7xf5
17.Re1xe7 Rf8e8
18.Re7e5 Qf5d7
19.Bc1e3 Nf6d5
20.Re5xe8 Ra8xe8
21.Nc3xd5 Qd7xd5
22.Qd1a4 Qd5b5
23.Qa4xb5 axb5
24.Nf3e1 Re8d8
25.Ra1d1 Rd8d5
26.Rd1a1 h5
27.Ne1f3 Nb4c6
28.Ra1a8 Kh7
29.Nf3g5 Kh6
30.Ng5xf7 Kh7
31.Ra8a6 Nc6xd4
32.Be3xd4 Bg7xd4
33.Nf7d6 Bd4xb2
34.Ra6b6 Rd5d1
{ resign }
0-1

[Event "Tourn. n8047"]
[Site "www.chess-mail.com"]
[Date "2015.02.14"]
[Round "1"]
[White "Tenzinnima"]
[Black "Rons"]
[WhiteElo "2290"]
[BlackElo "2520"]
[Result "0-1"]
[Round "1"]
1.e4 c5
2.Ng1f3 d6
3.d4 cxd4
4.Nf3xd4 Ng8f6
5.Nb1c3 a6
6.Bf1c4 e6
7.Bc4b3 b5
8.O-O Bf8e7
9.Qd1f3 Qd8b6
10.Bc1e3 Qb6b7
11.Qf3g3 b4
12.Nc3a4 Nb8d7
13.f3 O-O
14.Rf1d1 Nd7e5
15.Ra1c1 Bc8d7
16.c4 Ra8c8
17.c5 Nf6h5
18.Qg3h3 Nh5f6
19.Na4b6 dxc5
20.Nb6xc8 Rf8xc8
21.f4 Ne5g4
22.e5 Ng4xe3
23.exf6 Ne3xd1
24.Bb3xe6 Be7xf6
{ resign }
0-1

[Event "Tourn. n8024"]
[Site "www.chess-mail.com"]
[Date "2015.02.14"]
[Round "1"]
[White "Tenzinnima"]
[Black "Pgcbies"]
[WhiteElo "2290"]
[BlackElo "2790"]
[Result "0-1"]
[Round "1"]
1.d4 c5
2.d5 d6
3.e4 e5
4.Bf1d3 Ng8f6
5.Ng1f3 c4
6.Bd3xc4 Nf6xe4
7.O-O Bf8e7
8.Nb1d2 Ne4xd2
9.Bc1xd2 O-O
10.Rf1e1 Bc8g4
11.Bc4e2 f5
12.Bd2b4 a5
13.Bb4a3 b5
14.b3 Nb8d7
15.Nf3d2 Bg4xe2
16.Qd1xe2 Qd8b6
17.c4 b4
18.Ba3b2 a4
19.Nd2f3 Be7f6
20.h4 a3
21.Bb2c1 e4
22.Nf3g5 Bf6xa1
23.Ng5e6 Ba1c3
24.Bc1e3 Qb6b8
{ resign }
0-1

[Event "Tourn. n8013"]
[Site "www.chess-mail.com"]
[Date "2015.02.14"]
[Round "1"]
[White "Krasin"]
[Black "Bobjones"]
[WhiteElo "2180"]
[BlackElo "2210"]
[Result "1-0"]
[Round "1"]
1.e4 e5
2.Ng1f3 Nb8c6
3.Bf1c4 Bf8c5
4.b4 Bc5xb4
5.c3 Bb4a5
6.d4 exd4
7.O-O h6
8.Qd1b3 Qd8e7
9.Bc1a3 d6
10.e5 Kf8
11.exd6 cxd6
12.Rf1e1 Qe7f6
13.Nb1d2 Ba5c7
14.Nd2e4 Qf6f4
15.Nf3xd4 Nc6xd4
16.cxd4 Ng8e7
17.g3 Qf4g4
18.Ne4xd6 Bc7d8
19.Nd6xf7 { resign }
1-0

[Event "Tourn. n7887"]
[Site "www.chess-mail.com"]
[Date "2015.02.14"]
[Round "1"]
[White "Fkarpov"]
[Black "Uliczny2"]
[WhiteElo "1669"]
[BlackElo "1680"]
[Result "1-0"]
[Round "1"]
1.e4 e5
2.Ng1f3 Ng8f6
3.Bf1c4 Nb8c6
4.d3 h6
5.O-O Bf8c5
6.h3 d6
7.c3 O-O
8.Rf1e1 Bc8e6
9.Bc4xe6 fxe6
10.Bc1e3 Bc5b6
11.Be3xb6 axb6
12.d4 exd4
13.cxd4 d5
14.Nb1c3 Nc6e7
15.e5 Nf6d7
16.Nf3h2 c5
17.Qd1g4 Ne7f5
18.Nc3e2 Nf5xd4
19.Ne2xd4 cxd4
20.Qg4xd4 Nd7c5
21.Nh2f3 Ra8a4
22.b4 Qd8e8
23.Nf3d2 Qe8b5
24.a3 Rf8c8
25.Qd4c3 Qb5d3
26.Re1c1 Qd3xc3
27.Rc1xc3 Rc8c6
28.bxc5 bxc5
29.Ra1b1 b6
30.Kf1 d4
31.Rc3b3 Ra4a6
32.Nd2c4 { resign }
1-0

[Event "Tourn. n8056"]
[Site "www.chess-mail.com"]
[Date "2015.02.14"]
[Round "1"]
[White "Manuel09"]
[Black "Luban"]
[WhiteElo "1919"]
[BlackElo "2080"]
[Result "1-0"]
[Round "1"]
1.d4 d5
2.Ng1f3 Bc8g4
3.Nb1c3 Bg4xf3
4.exf3 c6
5.Bf1d3 h6
6.Bc1f4 Ng8f6
7.h3 Nb8d7
8.O-O e6
9.Rf1e1 Bf8e7
10.Qd1d2 a6
11.a3 c5
12.dxc5 Nd7xc5
13.Bd3f1 O-O
14.b4 Nc5d7
15.Bf1d3 Nd7b6
16.Bf4xh6 gxh6
17.Qd2xh6 Rf8e8
18.Re1e5 { resign }
1-0

[Event "Tourn. n7984"]
[Site "www.chess-mail.com"]
[Date "2015.02.14"]
[Round "1"]
[White "Powerchess"]
[Black "Vinvangogh"]
[WhiteElo "1340"]
[BlackElo "1260"]
[Result "0-1"]
[Round "1"]
1.d4 d5
2.c4 dxc4
3.Ng1f3 Ng8f6
4.e3 Nb8c6
5.Bf1xc4 Nf6g4
6.O-O Qd8d6
7.h3 h5
8.Nb1c3 Qd6g6
9.Bc4d3 Bc8f5
10.Bd3xf5 Qg6xf5
11.e4 Qf5d7
12.e5 O-O-O
13.Qd1a4 e6
14.a3 Bf8d6
15.exd6 Qd7xd6
16.Nc3b5 Qd6d5
17.Nb5c3 Qd5d6
18.b4 Nc6xd4
19.hxg4 hxg4
20.Nf3xd4 Qd6h2
{ resign }
0-1

[Event "Tourn. n7944"]
[Site "www.chess-mail.com"]
[Date "2015.02.14"]
[Round "1"]
[White "Maxlou"]
[Black "Crull"]
[WhiteElo "1660"]
[BlackElo "1790"]
[Result "1-0"]
[Round "1"]
1.d4 Ng8f6
2.Ng1f3 g6
3.g3 d5
4.Bf1g2 Nb8c6
5.Nb1c3 Bc8f5
6.Bc1f4 a6
7.Nf3e5 Nc6xe5
8.dxe5 Nf6h5
9.Bf4e3 Bf8g7
10.Qd1xd5 c6
11.Qd5xd8 Ra8xd8
12.Bg2f3 Bg7xe5
13.g4 Be5xc3
14.bxc3 Bf5xc2
15.Ra1c1 Nh5f6
16.Rc1xc2 O-O
17.O-O e5
18.Rc2b2 Rd8d7
19.Rf1b1 Rf8b8
20.Bf3xc6 Rd7c7
21.Bc6xb7 Rc7xc3
22.Bb7xa6 Rb8a8
23.Rb2b8 Ra8xb8
24.Rb1xb8 Kg7
25.h3 Nf6d7
26.Rb8b3 Rc3c6
27.Ba6b5 Rc6d6
28.Bb5xd7 Rd6xd7
29.a4 Rd7d5
30.Be3b6 Rd5d1
31.Kg2 Rd1d2
32.a5 Rd2a2
33.Kf3 e4
34.Ke3 f5
35.gxf5 gxf5
36.Kf4 Ra2xe2
37.Rb3a3 Re2xf2
38.Bb6xf2 Kg6
39.a6 { resign }
1-0

[Event "Tourn. n7981"]
[Site "www.chess-mail.com"]
[Date "2015.02.14"]
[Round "1"]
[White "Nimzo"]
[Black "Wings"]
[WhiteElo "2670"]
[BlackElo "2520"]
[Result "1-0"]
[Round "1"]
1.d4 Ng8f6
2.c4 g6
3.g3 Bf8g7
4.Bf1g2 O-O
5.Nb1c3 d6
6.Ng1f3 Nb8c6
7.O-O a6
8.Bc1f4 Bc8g4
9.Ra1c1 Nf6d7
10.Bf4e3 e5
11.dxe5 Bg4xf3
12.exf3 Nd7xe5
13.Nc3d5 Rf8e8
14.Rf1e1 Ra8b8
15.b4 Nc6e7
16.Be3g5 { resign }
1-0

[Event "Tourn. n7942"]
[Site "www.chess-mail.com"]
[Date "2015.02.14"]
[Round "1"]
[White "Liencam2"]
[Black "Apoorva"]
[WhiteElo "2260"]
[BlackElo "2160"]
[Result "1-0"]
[Round "1"]
1.e4 c5
2.Nb1c3 d6
3.Ng1f3 Nb8c6
4.d4 cxd4
5.Nf3xd4 g6
6.Bc1e3 Bf8g7
7.Qd1d2 Bc8d7
8.O-O-O Qd8a5
9.Kb1 a6
10.Nd4b3 Qa5c7
11.Nc3d5 Qc7d8
12.Be3b6 Qd8c8
13.Nd5c7 Kf8
14.Nc7xa8 Qc8xa8
15.f4 Ng8f6
16.Bf1d3 h5
17.h3 Bg7h6
18.Bb6e3 Kg7
19.Nb3d4 b5
20.Rd1g1 e5
21.Nd4f3 Bh6xf4
22.Be3xf4 exf4
23.Qd2xf4 Nc6b4
24.Qf4xd6 Nb4xd3
25.cxd3  { time }
1-0

[Event "Match"]
[Site "www.echecsemail.com"]
[Date "2015.02.14"]
[Round "1"]
[White "Apoorva"]
[Black "Glenno"]
[WhiteElo "2130"]
[BlackElo "2350"]
[Result "0-1"]
[Round "1"]
1.d4 Ng8f6
2.c3 d5
3.Ng1f3 e6
4.Nb1d2 c5
5.Qd1c2 Nb8c6
6.e3 Bf8d6
7.dxc5 Bd6xc5
8.Bf1b5 Qd8b6
9.a4 O-O
10.b4 Bc5d6
11.Bc1a3 Qb6c7
12.O-O Nc6xb4
13.Qc2b3 Nb4c6
14.Ba3xd6 Qc7xd6
15.c4 a6
16.Bb5xc6 bxc6
17.cxd5 cxd5
18.Ra1c1 Bc8d7
19.Rc1c3 Rf8c8
 { time }
0-1